| 000 | 00603nam a2200217 a 4500 | ||
|---|---|---|---|
| 005 | 20240504063748.0 | ||
| 008 | 991125s1991 tok 000 0 spa u | ||
| 020 | _a4569530400 | ||
| 035 | _aUPN01000008461 | ||
| 049 | _aCG | ||
| 050 | 4 |
_aHF5549.5 C62 _bM3.4 1991 |
|
| 100 | 1 |
_aMatsushita, Konosuke, _d1894- |
|
| 245 | 1 | 0 |
_aClaves de un buen gerente / _cKonosuke, Matsushita. |
| 250 | _a2a ed. | ||
| 260 |
_aTokio : _bPHP Institute, _c1991. |
||
| 300 | _a190 p. | ||
| 650 | 4 |
_aAdministración _xAspectos sociales _9417 |
|
| 650 | 2 |
_aDirección _913875 |
|
| 650 | 4 |
_aEJECUTIVOS _913758 |
|
| 905 | _aLibro | ||
| 999 |
_c8461 _d8461 |
||